000 02000nam a2200469 c 4500
001 20174
003 ES-MaCES
005 20150929131152.0
008 070607s2006 sp bd t o100 | spa d
017 _aSE 794-2007
_bDL
020 _a9788480082273
024 7 _a602-06-034-X
_2nipo
035 _aCES20070006938m
040 _aES-MaCES
_bspa
_cES-MaCES
111 2 _aSeminario Internacional "El papel de los Registros Administrativos en el Análisis Social y Económico y el Desarrollo del Sistema Estadístico Nacional"
_d2006
_cMadrid
_91013
245 1 3 _aEl papel de los registros administrativos en el análisis social y económico y el desarrollo del sistema estadístico
_cdirección, Carmen Marcos García ; [Seminario Internacional "El papel de los Registros Administrativos en el Análisis Social y Económico ...., celebrado los días 30 y 31 de enero de 2006 en Madrid]
260 _aMadrid
_bInstituto de Estudios Fiscales
_c2006
300 _a605 p.
_bgráf., mapas bl. y n.
_c24 cm
490 1 _aEstudios de hacienda pública
504 _aBibliografía: p. 595-599
541 _cCompra
650 4 _asistema de información administrativa
_928200
650 4 _abase de datos
_929266
650 4 _aadministración pública
_927214
650 4 _afuentes estadísticas
_929537
650 4 _aservicio estadístico
_928839
650 4 _acondiciones económicas
_927081
650 4 _acondiciones sociales
_930469
650 4 _amercado de trabajo
_928292
650 4 _apolítica social
_927029
650 4 _aEspaña
_926964
650 4 _ainternacional
_926674
650 4 _aconferencia
_927013
653 1 0 _aAdministración-Instituciones públicas
650 4 _927071
_aevaluación económica
700 1 _aMarcos García, Carmen
_edir.
_917481
710 2 _aInstituto de Estudios Fiscales (Madrid)
_eed.
_94158
830 0 _aEstudios de hacienda pública
_932240
902 _aLIB Libro
942 _2CES
_cBK
_h6.3.
999 _c20174
_d20174